000 00493nam a2200205Ia 4500
003 OSt
005 20230411134050.0
008 210423s2009 xx 000 0 und d
040 _cAL
041 _aeng
082 _a658.152 AVAV
100 _aAVADHANI (V A).
_986130
245 _aInvestment management.
250 _a7
260 _aMumbai
_bHimalaya Publishing House
_c2009
300 _avii,683
_bPB
365 _b375
_cINR
906 _aInvestment ; management.
942 _2ddc
_cBK
999 _c158467
_d158467